Compensating for the employee : a comprehensive guide

Bibliographic Details
Main Author: Rajkumar, K. (Author)
Format: Book
Published: Singapore : Times Books International , 1985
Subjects:

MARC

LEADER 00000cam a2200000 7i4500
001 0000008120
005 20021119093000.0
008 021119n
020 |a 9971651734 
050 0 0 |a HD4926   |b .R3 
090 0 0 |a HD4926   |b .R3 
100 0 |a Rajkumar, K. ,   |e author 
245 0 0 |a Compensating for the employee :   |b a comprehensive guide   |c K. Rajkumar 
260 2 |a Singapore :   |b Times Books International ,   |c 1985 
300 |a 162 p. ; ;   |c 23 cm. 
500 |a Includes index 
650 0 |a Compensation management 
650 0 |a Wages 
999 |a 1000011811   |b Book   |c OPEN SHELF (30 DAYS)   |e Gong Badak Campus